000 00804nas a2200277 4500
001 BR7304256
003 BR-BrBNA
005 20231205082510.0
007 ta
008 230509b bl.|||p| |||| 00| 00por d
040 _aBR-BrBNA
_bpor
_cBiblioteca Nacional de Agricultura
041 _a(Pt)
072 _aQ10; Q30
100 1 _aBernhardt, L.W.
100 1 _aLeitao, M.F.F.
100 1 _aMiya, E.E.
100 1 _aYang, J.F.
245 1 _aProcessamento da vagem verde enlatada [Brasil]
650 _aEMBALAGEM
650 _aVAGEM
650 _aENLATADO
650 _aPRESERVACAO DE ALIMENTO
773 0 _tBoletim do Instituto de Tecnologia de Alimentos (Brazil)
_xISSN 0366-0281
_g(Sep 1976), (no. 47) p. 55-73
_wBR7304256
909 _a202311
_bLúcia
_c55
_dLúcia Elande
942 _2AGRIS
_n0
_cANA
999 _c92319
_d92319